000 00977nam a2200265Ia 4500
003 OSt
005 20220930090826.0
006 a|||||r|||| 00| 0
007 ta
008 220926b |||||||| |||| 00| 0 eng d
024 _a2275
037 _cTheses
040 _aCRL
_cCRL
_beng
041 _2eng
_aeng
100 _aTewari Reeti
_9543748
110 _aUniversity of Delhi. Faculty of Medical Sciences. Department of Community Medicine
245 0 _aImpact of an information, education and communication intervention on directly observed treatment, shortcourse delivery in a tuberculosis unit of Delhi
260 _c2011
650 _aCOMMUNITY HEALTH SERVICES
700 _a Dr. Kamal Agrawal Gu.
700 _a Dr. Sanjay Chaturvedi Gu.
_9535926
700 _aUniversity of Delhi. Faculty of Medical Sciences. Department of Community Medicine
942 _cDIS
_2CC
999 _c881199
_d881199